Amri hilang di menara berkembar (Record no. 56591)

MARC details
000 -LEADER
fixed length control field 00763nam a2200265 i 4500
001 - CONTROL NUMBER
control field C2-0241639
003 - CONTROL NUMBER IDENTIFIER
control field PPAK
005 - DATE AND TIME OF LATEST TRANSACTION
control field 20180727203925.0
008 - FIXED-LENGTH DATA ELEMENTS--GENERAL INFORMATION
fixed length control field 020811s2002 my a|||| ||||| | may d
020 ## - INTERNATIONAL STANDARD BOOK NUMBER
International Standard Book Number 9838239410
040 ## - CATALOGING SOURCE
Original cataloging agency PPAK
Language of cataloging eng
Transcribing agency PPAK
Description conventions rda
082 04 - DEWEY DECIMAL CLASSIFICATION NUMBER
Classification number 499.2386
Edition number 23
090 00 - LOCALLY ASSIGNED LC-TYPE CALL NUMBER (OCLC); LOCAL CALL NUMBER (RLIN)
Classification number (OCLC) (R) ; Classification number, CALL (RLIN) (NR) 499.2386
Feature heading SAB
Feature heading K
100 0# - MAIN ENTRY--PERSONAL NAME
Personal name Sabrina Sobrie,
Relator term author
245 10 - TITLE STATEMENT
Title Amri hilang di menara berkembar
264 #1 - PRODUCTION, PUBLICATION, DISTRIBUTION, MANUFACTURE, AND COPYRIGHT NOTICE
Place of production, publication, distribution, manufacture Petaling Jaya, Selangor :
Name of producer, publisher, distributor, manufacturer Prisma ,
Date of production, publication, distribution, manufacture, or copyright notice 2002
300 ## - PHYSICAL DESCRIPTION
Extent 22 pages :
Other physical details colour illustrations ;
Dimensions 22 cm
336 ## - CONTENT TYPE
Source rdacontent
Content type term text
337 ## - MEDIA TYPE
Source rdamedia
Media type term unmediated
338 ## - CARRIER TYPE
Source rdacarrier
Carrier type term volume
490 1# - SERIES STATEMENT
Series statement Siri cerita permata
650 10 - SUBJECT ADDED ENTRY--TOPICAL TERM
Topical term or geographic name entry element Malay language - Readers - Fiction.
830 #0 - SERIES ADDED ENTRY--UNIFORM TITLE
Uniform title Siri cerita permata
942 ## - ADDED ENTRY ELEMENTS (KOHA)
-- dc
Koha item type Book
Holdings
Withdrawn Not for loan Current library Shelving location Date acquired Full call number Barcode Date last seen Koha item type Total Checkouts Date last checked out
    Perpustakaan Awam Sungai Petani Pinjaman Kanak-kanak 11/08/2002 K 499.2386 SAB A01008211 14/10/2023 Book 1 07/10/2023
    Perpustakaan Jitra Pinjaman Kanak-kanak 11/08/2002 K 499.2386 SAB A01008190 08/05/2018 Book    
    Perpustakaan Kuala Nerang Pinjaman Kanak-kanak 11/08/2002 K 499.2386 SAB A01008203 08/05/2018 Book    
    Perpustakaan Langkawi Pinjaman Kanak-kanak 11/08/2002 K 499.2386 SAB A01008191 08/05/2018 Book    
    Perpustakaan Yan Pinjaman Kanak-kanak 11/08/2002 K 499.2386 SAB A01008193 08/05/2018 Book    
    Bergerak 3, Baling Pinjaman Kanak-kanak 11/08/2002 K 499.2386 SAB A01008198 08/05/2018 Book    
    Bergerak 5, Kulim Pinjaman Kanak-kanak 11/08/2002 K 499.2386 SAB A01008200 08/05/2018 Book    
    PD07, Kg. Jelutong, Sik Pinjaman Kanak-kanak 11/08/2002 K 499.2386 SAB A01008205 08/05/2018 Book    
    PD08, Felda Gunung Bongsu, Kulim Pinjaman Kanak-kanak 11/08/2002 K 499.2386 SAB A01008206 08/05/2018 Book    
    PD30, Bandar Baru Beris Jaya, Sik Pinjaman Kanak-kanak 11/08/2002 K 499.2386 SAB A01008204 08/05/2018 Book